Vocabulaire anglais - Statistiques

Statistiques générales
  • Ce quiz a été pris 37 fois
    3 depuis la dernière actualisation
  • Le résultat moyen est 11 sur 30
Statistiques - réponses
Hint Réponse % Correct
Un cours (matière) A class
100%
Un morceau de sucre A lump of sugar
100%
Un enfant unique An only child
100%
Une poire A pear
100%
Un cours (une heure de cours) A period
100%
Une gomme A rubber / An e-raser
100%
Appartenance Belonging
100%
Malgré Despite
100%
Assez Enough/Quite
100%
Frais administratif Fees
100%
Beau Good-looking / Beautiful
100%
Lobby des armes Gun lobby
100%
Faire du mal / Blesser / Nuire à Harm
100%
En échange In exchange
100%
Manque Lack / Shortage / Missing thing
100%
Célibataire Single
100%
Réseau Social Network
100%
Les lèvres The lips
100%
Le cou The neck
100%
L'homme le plus riche The richest man
100%
L'orthographe The spelling
100%
Inhabituel Unusual
100%
Etrange Weird
100%
Souhaiter Wish
100%
La jeunesse Youth
100%
De loin A mile off
50%
Un pull-over A Sweater
50%
Stade de la petite enfance Early years stage
50%
Serviette Towel
50%
Un chemisier A blouse
0%
Tradition profondément ancrée A deeply-rooted tradition
0%
Pub Advert
0%
Annonce Advert
0%
Avoir peur Afeared
0%
Après avoir investi After investing
0%
Un rouage à part entière A full-fledged cog
0%
Un système éducatif très centralisé A highly centralised education system
0%
Un pot de confiture A jar of jam
0%
Bien que Although
0%
Une note A mark / A grade
0%
Une nounou A nanny
0%
Un abricot An apricot
0%
Une institution élitiste An elitist institution
0%
Un neveu A nephew
0%
Une nièce A niece
0%
Un devoir A paper
0%
Une pêche A peach
0%
Une trousse A pencil case
0%
Un poivron A pepper
0%
Une expression A phrase
0%
Une tarte / Une tourte A pie
0%
S'avancer vers Approach
0%
Un exposé A presentation
0%
Une framboise A raspberry
0%
Un bulletin scolaire A (school) report
0%
Une boule de glace A scoop of ice cream
0%
Une phrase A sentence
0%
Une tranche de pain A slice of bread
0%
Comme points de départs As starting points
0%
Lorsqu'ils/elles As they
0%
Symbole d'inégalités A symbol of inequality
0%
Un devoir sur table A test
0%
Un manuel A textbook
0%
Un crapaud A toad
0%
Une traduction A translation
0%
Fréquenté Attented
0%
Un mariage A wedding
0%
A peine / Tout juste Barely
0%
Problèmes de comportement Behavioural issues
0%
Croire Believe
0%
Os / Arête Bones
0%
Dépistage du cancer du sein Breast screening
0%
Châtain Brown
0%
Conséquence naturelle By-product
0%
Entre-temps By then
0%
De la craie Chalk
0%
Système de freins et contrepoids Checks and balances
0%
Prétention Claim
0%
Classe sociale Class-based
0%
Enlever / Purifier Cleanse
0%
Descendre de Climb down off
0%
La morue / Le cabillaud Cod
0%
Complet Comprehensive
0%
Sphère complotiste Conspitorial sphere
0%
Amendement consitutionnel Constitutional amendment
0%
Coût pour le contribuable Cost to the taxpayer
0%
Route / Parcours Course
0%
Palais de justice Courthouse
0%
Super / Claquement Cracking
0%
Programme Curriculum
0%
Brun / Foncé Dark
0%
Malgré les tragédies répétées, les réformes restent difficiles Despite recurring tragedies, meaningful reform remains elusive
0%
Dépistage Detection / Screening
0%
Points Dots
0%
Se rendre Drive out
0%
Noyer Drown
0%
Sécher Dry
0%
Modifier Edit / Shift
0%
Fiancé Engaged
0%
Tout à fait Entirely
0%
Veille / Réveillon / Soir(ée) Eve
0%
Pouvoir exécutif / Autorité exclusive Executive authority
0%
Exonérer Exempt
0%
S'attendre / Attendre Expect
0%
Attendu Expected
0%
Penser que / Croire que Expect that
0%
Exposa Explained
0%
Equitable Fair
0%
Clair / Blond Fair / Blond
0%
Conte de fée Fairy tale
0%
Envisageable Feasible
0%
République fédérale Federal republic
0%
Vedette Flagship
0%
Saveurs Flavours
0%
Des tâches de rousseur Freckles
0%
Librement Freely
0%
Des haricots verts French beans
0%
Désormais From now
0%
Remplir / Réaliser / Satisfaire Fulfil
0%
Plus loin Further
0%
En outre Furthermore
0%
Etait grande Gaped
0%
Remonter Get back
0%
Passer à autre chose Get over it / Pull over
0%
Passer un savon Give a telling-off / Give a reprimand / Give a scolding
0%
Content / Ravi / Heureux Glad
0%
Poisson rouge Goldfish
0%
Gentil / Sage Good
0%
Faire un régime Go on a diet
0%
Aller là-bas Go over there
0%
Garantir Guarantee
0%
La violence armée reste un des problèmes les plus urgents Gun violence remains one of the most pressing issues in American society
0%
Grêle Hail
0%
Presque à moitié convaincu Half believed
0%
Réduire (Diminuer) de moitié / Couper (Diviser) par deux Halve
0%
Harcèlement Harrasment
0%
A abouti Has led
0%
Lui a promis de le nommer Has promised to appoint him
0%
N'a pas lésiné sur les moyens Has spared no expense
0%
Haine Hatred
0%
Il avança d'un bon train He made good time
0%
Les classements historiques sont intrinsèquement subjectifs Historical rankings are inherently subjective
0%
Canular Hoax
0%
Aiguiser / Affûté / Perfectionner Hone
0%
Sinon du monde If not in the world
0%
Procédure de destitution Impeachment
0%
Y compris Including
0%
Intégrer Incorporate
0%
Mise en accusation / Inculpation Indictment
0%
Individu Individual / Person
0%
Amoureux (de) In love (with)
0%
Notamment In particular
0%
Insurrection Insurgence
0%
A terme In time
0%
Revigorant Invigorating
0%
Impliquer / Supposer Involve
0%
Contrôle de consitutionnalité Judicial review
0%
Gentillesse Kindness
0%
Aterrir/pays Land
0%
Louable Laudable
0%
Pouvoir législatif Legislative branch
0%
Blocage législatif Legislative gridlock
0%
De la salade verte Lettuce
0%
Electoral rolls Listes électorales
0%
Tant attendu Long-awaited
0%
Faire en sorte Making it
0%
Tuerie de masse Mass shooting / Mass casualty event
0%
Matière / Substance / Affaire / Sujet / Question / Problème Matter
0%
Puis-je entrer May I come
0%
Moyen Middling
0%
Salaire minimum Minimum wage
0%
Surveillance / Contrôle Monitoring
0%
Dette éducation croissante Mounting student debt
0%
Photo Mugshot
0%
Le mouton Mutton
0%
Vilain / Méchant Naughty
0%
Bruit Noise
0%
Candidat officiel d'un parti Nominee
0%
Crèche Nursery
0%
Là-dessus On this
0%
Orthpédie Orthopaedics
0%
Sinon / Autrement / Sans quoi / Sans ça / Différemment / Par ailleurs Otherwise
0%
Vision du monde / Perspectives Outlook
0%
Par dessus / Sur le cote / Plus de / Sur Over
0%
Surchargé Overburden
0%
Renverser Overturn
0%
En surpoids Overweight
0%
Des petits pois Peas
0%
Pression de l'environnement Peer pressure
0%
Fauché / Sans sou Penniless
0%
Sondages Polls
0%
Déferler Pouring out
0%
Mauvaise situation Predicament
0%
Le leadership présidentiel est souvent mis à l'épreuve en période de crise nationale Presidential leadership is often tested in times of national crisis
0%
Poursuite judiciaire Prosecution
0%
Prévoir / Stimuler / Prévenir / Assurer / Offrir Provide
0%
Fâcher Provoke anger
0%
L'opinion publique reste profondément polarisée Public opinion remains deeply polarized
0%
Regard critique du public Public scrutiny
0%
Bourbier Quagmire
0%
Parfait / Typique Quintessential
0%
Référence Received
0%
Personne renvoyée / Envoyer vers un spécialiste / Renvoi juridique Referral
0%
Le réformer en profondeur Reform it in depth
0%
Télétravail Remote working
0%
Mouvement républicain Republican movement
0%
Revanche de tous ces gens Revenge from all those people
0%
Riche Rich / Wealthy
0%
Attelage / Cariole Rig
0%
Sanction royale Royal assent
0%
Etat de droit Rule of law
0%
Précaution Safeguard
0%
Procéde (malhonnête) / Plan / Combine / Projet / Comploter / Conspirer / Intriguer Scheme
0%
Surveillance / Examen approfondi Scrutiny
0%
Sembler Seem
0%
Scolarité selective Selective schooling
0%
Séparation des pouvoirs Separation of powers
0%
Plusieurs Several
0%
Crier Shout
0%
Infirmerie Sickroom
0%
Mince Slim
0%
Savon Soap
0%
Tissu social Social fabric
0%
Contexte socialement approprié Socially appropriate background
0%
Filet de protection sociale Social safety-net
0%
Quelque chose de pas catholique Something fishy
0%
Sorties de quelque chose Something visits
0%
Déclenché Spark
0%
Particulier Specific
0%
Carré Square
0%
Ecurie Stable
0%
Détroit Start
0%
Ecoles financées par l'Etat State-funded schools
0%
Raide Straight
0%
Tel que Such as
0%
Se refermer / Se rabattre Swing shut
0%
Etats pivots Swing states
0%
Le décollage Take off
0%
Fait siennes les accusations Takes up accusations / echoes accusations
0%
Être chargé de faire un audit Tasked with auditing
0%
Goût Taste
0%
Test de dépistage Test / Screening (test)
0%
La moyenne The average
0%
Cette affaire met en lumière les tensions entre le pouvoir exécutif et l'autorité judiciaire The case highlights tensions between executive power and judicial authority
0%
La joue The cheek
0%
Le menton The chin
0%
Le débat reflète une division culturelle et historique The debate reflects a broader cultural and historic divide
0%
Le coude The elbow
0%
Le système du college électoral reste controversé The Electoral College system remains controversial
0%
Cette question soulève des préoccupations constitutionnelles The issue raises constitutional concerns
0%
La présidence doit être évaluée dans le contexte de son époque The presidency must be assessed in the context of it's time
0%
Ceux-ci These
0%
L'épaule The shoulder
0%
Les Etats-Unis sont profondément divisés sur le contrôle des armes The United States is deeply divided over gun control
0%
Les Etats-Unis fonctionnent selon un système de freins et contrepoids The United States operates under a system of checks and balances
0%
Maigre Thin
0%
Neige fine et humide Thin wet snow
0%
Soif Thirsty
0%
Cela pose la question de savoir si la liberté doit primer sur la sécurité publique This raises the question of whether freedom should outweigh public safety
0%
Imposant Threatening
0%
A travers Through
0%
Tout au long de Throughout
0%
S'adapter aux évolutions sociales To adapt to societal change
0%
A un électeur To a voter
0%
Être mauvais en To be bad at
0%
Être attiré par To be drawn to
0%
Être bon en To be good at
0%
Avoir faim To be hungry
0%
Être enceinte To be pregnant
0%
Remettre en cause la tradition To challenge tradition
0%
Peigner To comb
0%
Corriger To correct
0%
Barrer To cross out
0%
Freiner la violence armée To curb gun violence
0%
Limiter l'usage des téléphones To curb smartphone usage
0%
Appliquer des lois plus strictes To enforce stricter laws
0%
Attendre un bébé To except a baby
0%
Alimenter le débat To fuel the debate
0%
Se marier avec To get married to
0%
Avoir l'air To look
0%
S'occuper de To look after
0%
Associer To match
0%
Exclure To opt out
0%
Convaincre To persuade
0%
De première qualité / De haut vol / Excellent Top-flight
0%
Choisir / Relever To pick
0%
Citer To quote
0%
Renforce les inégalités sociales To reinforce social equality
0%
Obtenir une place dans une université prestigieuse To secure a place at a prestigious university
0%
Mettre en place To set up
0%
Provoquer une polémique To spark backlash
0%
Epeler To spell
0%
Subir To suffer
0%
Elargir l'accès To widen participation
0%
Frais de scolarité Tuition fees
0%
Demi-tour Turned around
0%
Des jumeaux Twins
0%
Inexplorée Uncharted
0%
Institutions sous financées Underfunded institutions
0%
Sous-jacent Underlying
0%
Soutenir / Etayer Underpin
0%
Se dérouler Unfold
0%
Libérée Unleashed
0%
Sans pareille Unparalleled
0%
L'assurance singularité Unusual conviction
0%
Solides valeurs Values
0%
Lieux Venues
0%
Mandat d'expulsion Warrant for eviction
0%
Eh bien Well, then
0%
A Qui Whose
0%
Large gamme Wide range
0%
Veuf Widowed
0%
Nettoyer Wipe
0%
Dans le but de With a view to
0%
Au sein de Within / In
0%
Cour / Jardin Yard
0%
Aucun quiz correspondant
Distribution des résultats
% des personnes avec chaque résultat
Percentile par nombre de réponses
Votre historique - résultats
Vous n’avez pas pris ce quiz depuis la dernière actualisation